000 01108cam a22001934a 4500
005 20250605164358.0
008 250528s ||||||||||||||||||||||||d
035 _a24451
040 _aGR-AtMCL
_bgre
_dGR-AtMCL
_eAACR2
245 1 _aΕίμαστε ο Πάροχος Εμπιστοσύνης στην Ενέργεια
260 _c2018
300 _a50
520 _aΟχήματα Εμπειρίας με Ψηφιακές Προδιαγραφές, Η ICAP Αναδεικνύει τους 'Ηγέτες' της Ελληνικής Αγοράς, Η Μεγαλύτερη Πρόκληση για το Digital Marketing, Διαφημιζόμενοι και Κανάλια 'Κερδίζουν' τους Τηλεθεατές, Τιμώντας τους Ανθρώπους που Ξεχώρισαν για το Ιδιαίτερο Έργο τους, Η Στήριξη Εφημερίδων και Περιοδικών στην Εποχή της Κρίσης.
700 1 _aΚορδελάς Δημήτρης
_99464
942 _cCR
710 2 _aThe Marketing Week
_99825
999 _c9332
_d9332